000 00527nmm a2200169Ia 4500
008 251105s9999||||xx |||||||||||||||||und||
020 _a8470305166
041 _aspa
100 _aFernández Alba, Antonio
245 0 _aDomus aurea : diálogos en la casa de Virgilio
264 _a[Madrid, España] :
_bBiblioteca Nueva,
_c1998
300 _a80 páginas
490 _aMetrópoli: Espacios de la arquitectura
650 _aArchitecture & Sculpture
856 _uhttps://public.digitaliapublishing.com/a/4445
942 _cCF
999 _c73100
_d73100